000 00608nam a2200265Ia 4500
005 20260306153116.0
008 008 260114s9999 xx 000 0 eng d
020 _a9781139174367
037 _aEBOOK
040 _aCRL
040 _beng
040 _cCRL
041 _2eng
041 _aeng
084 _qCRL
100 _aSheffrin
_91124728
245 0 _aRational Expectations
250 _a2nd ed
260 _bCambridge University Press
260 _c2012
650 _aCommerce
856 _uhttps://doi.org/10.1017/CBO9781139174367
942 _cEBOOK
999 _c1702211
_d1702211